Adela KGB lyrics - Statistics

General Stats
  • This quiz has been taken 6 times
  • The average score is 325 of 395
Answer Stats
Answer % Correct
a
100%
I
100%
I'm
100%
K
100%
K-
100%
like,
100%
like
100%
me
100%
the
100%
the-
100%
the K-
100%
to
100%
was
100%
was,
100%
with
100%
You
100%
and
83%
BI
83%
big
83%
Bitch
83%
bra
83%
call
83%
Call-
83%
Call
83%
can't
83%
eight,
83%
English
83%
G
83%
G-
83%
in
83%
learn
83%
my
83%
nightshift
83%
on
83%
pop
83%
say
83%
shit
83%
shit,
83%
so
83%
spy,
83%
star
83%
studied
83%
them
83%
this
83%
want
83%
working
83%
ah
67%
All
67%
for
67%
got
67%
haters,
67%
hits
67%
Instagram,
67%
Just
67%
just
67%
mouths
67%
No,
67%
off
67%
OG
67%
popstar
67%
these
67%
TikTok
67%
Twitter,
67%
wanna
67%
yeah,
67%
at
50%
being
50%
bloody
50%
cocky,
50%
dick
50%
Eighteen,
50%
European
50%
eyes
50%
from
50%
girl,
50%
immigrated,
50%
life
50%
little
50%
Lurking
50%
making
50%
Na-
50%
Na
50%
not
50%
now
50%
plotting
50%
pretty
50%
rise
50%
screen
50%
Staring
50%
swinging
50%
they're
50%
till
50%
TV
50%
whole
50%
worked
50%
foreign,
33%
forgive
33%
forward,
33%
important,
33%
way
33%
my Twitter,
0%
No matching quizzes found
Score Distribution
Percent of People with Each Score
Percentile by Number Answered
Your Score History
You have not taken this quiz